Caroline /

Saved in:
Bibliographic Details
Main Author: Mather, Anne
Format: Book
Language:English
Published: London : Mills & Boon, 1973.
LEADER 00696nam a2200205 a 4500
001 c000259962
003 CARM
005 20070509120021.0
008 770608s1970 enk 000 1 eng d
019 1 |a 50070175  |5 LACONCORD2021 
020 |a 0263711676 
035 |a (OCoLC)812533965  |5 LACONCORD2021 
040 |a VCAV  |b eng  |c VCAV 
100 1 |a Mather, Anne. 
245 1 0 |a Caroline /  |c by Anne Mather. 
260 |a London :  |b Mills & Boon,  |c 1973. 
300 |a 189 p. 
852 8 |b CARM  |h A1:AP37A0  |i A04247  |p 0345558  |f BK 
999 f f |i 12466e19-54aa-5e80-b26c-acda97d0404d  |s d4a4c6af-866e-57af-ae24-91a90e540cbf 
952 f f |p Can circulate  |a CAVAL  |b CAVAL  |c CAVAL  |d CARM 1 Store  |e A04247  |f A1:AP37A0  |h Other scheme  |i book  |m 0345558